00690nam a2200241 a 4500001001300000003000900013005001700022008004100039020002300080082001500103100001900118245003300137260003400170300000900204500003500213505001000248650002300258700001900281902000800300942000700308952011600315999001700431nice12345678IN_TiNIC20260116014202.0050524s2004 puna grp 000 0 eng  a8174343 c49500a297.2bMOR aMore, Sheshrao aIslamb Maker of Muslim Mind aPunebRajhans Prakashanc2004 a662p aincludes index and biblioraphy2 aNotes aIslam-Meccan Trade1 aMore, Sheshrao bSRS cBK 001040708StackRoom-aHMIbHMId2007-07-06g495.00l0o297.2 MORp020896r2007-07-06v495.00w2005-05-24yBK c14232d14232